| 000 | 00425nam a22001457a 4500 | ||
|---|---|---|---|
| 003 | macl | ||
| 005 | 20180415152504.0 | ||
| 008 | 180415b xxu||||| |||| 00| 0 eng d | ||
| 040 | _cmacl | ||
| 100 |
_aपैन्थर्स मून _972048 |
||
| 245 | _aरसिकन बॉन्ड | ||
| 260 |
_aदिल्ली _bराजपाल _c2015 |
||
| 650 |
_aकहानियां _933092 |
||
| 942 |
_2ddc _cHIN |
||
| 999 |
_c57737 _d57737 |
||